| 000 | 00403nam a22001337a 4500 | ||
|---|---|---|---|
| 005 | 20140916020008.0 | ||
| 008 | 140908b xxu||||| |||| 00| 0 eng d | ||
| 050 |
_aD20. _bR65 2007 |
||
| 100 |
_aRoberst, John Morris _911110 |
||
| 245 |
_aThe new Penguin history of the world _cRoberst, John Morris |
||
| 260 |
_aLondon _bPenguin Books _c2007 |
||
| 300 |
_axv, 1237p.; _c20cm. |
||
| 942 |
_2lcc _cMONOGRAPH _01 |
||
| 999 |
_c120791 _d120791 |
||